| 000 | 03518nam a22003977a 4500 | ||
|---|---|---|---|
| 005 | 20120814104734.0 | ||
| 010 | _aB-457192-206 | ||
| 020 |
_a9788189738136 _c1295.00 |
||
| 035 | _aB-457192-206 | ||
| 037 |
_adpl _bK.K.Pub/Ven |
||
| 082 | _a915.452 | ||
| 100 |
_aChowdhury, Biswajit Roy _951229 |
||
| 245 |
_aSunderbans: _bThe mystic mangrove/ _cby biswajit roy chowdhury and pradeep vyas |
||
| 260 |
_aNew Delhi _bNiyogi Books _c2009 |
||
| 270 |
_ad-78 okhla industrial area phase-1 _bNew Delhi |
||
| 300 |
_a119p. _c30cm |
||
| 500 | _amaps, usefull addresses | ||
| 700 |
_aPradeep vyas _951035 |
||
| 942 |
_2ddc _cEN _mCHO _h915.452 |
||
| 999 |
_c69000 _d69000 |
||